000
00376nam a2200133Ia 4500
008
151001s9999||||xx |||||||||||||| ||und||
100
_a
दि द पाटील
245
_a
पाटलाचा पोर
250
_a
1
260
_b
प्रेस्टीज पब्लिकेशन पुणे
260
_c
1986
300
_a
332
365
_b
21
999
_c
965876
_d
965873